000 00521nam a22001817a 4500
003 SISC
005 20160314101129.0
008 130830t xxu||||| |||| 00| 0 eng d
050 _aPE 1417
_b.L477 1963
082 _aHS 808.84
_bL51 1964
100 _aLee, Donald W.
_915683
245 _aEnglish language reader :
_bintroductory essays and exercises /
_cDonald W. Lee.
260 _aNew York :
_bDodd, Mead,
_cc1964.
300 _a372 p. :
_c21 cm.
650 _aEssays.
_99955
942 _2lcc
_cBK
999 _c9985
_d9985